01131nam a2200265 i 450000100060000000300090000600500170001500700030003200800410003508000170007608000160009310000310010924501570014026000560029730000580035349000740041150400340048553000350051965100270055465100240058170000270060583000740063285200480070685601110075498517ES-MaACL20251103115931.0t|050929s1907 sp ||||1| spa d a913(460.322) a94(460.322)1 aLafuente Vanrell, Lorenzo.10aGeografía e historia de Menorca / cpor D. Lorenzo Lafuente Vanrell ; obra ilustrada con fotografías de D. Mauricio Hernández y croquis del autor. aBarcelona : bRevista Científico-Militar, c1907. a178 p., [1] h. pleg. de mapa : bil., fot. ; c23 cm.1 aPublicaciones de la Revista científico-militar y Biblioteca militar aBibliografía: p. [164]-174. aDisponible en formato digital. 4aMenorca-xGeografía. 4aMenorca-xHistoria.1 aHernández, Mauricio.1 aPublicaciones de la Revista científico-militar y Biblioteca militar4 aES-MaACLjG-9136(2) z- Enc. con otra obra4 uhttps://bvpb.mcu.es/es/consulta/registro.do?id=488487y(Biblioteca Virtual del Patrimonio Bibliográfico)